Stadt = Bundesland (Zufallsquiz) - Statistiken

Allgemein
  • Dieses Quiz wurde 224 mal gespielt
  • Das Durchschnittsergebnis liegt bei 11 aus 15
Antwortstatistiken
Stadt Bundesland % Korrekt
Baden-Baden Baden-Württemberg
100%
Donaueschingen Baden-Württemberg
100%
Ellwangen Baden-Württemberg
100%
Emmendingen Baden-Württemberg
100%
Geislingen an der Steige Baden-Württemberg
100%
Göppingen Baden-Württemberg
100%
Heilbronn Baden-Württemberg
100%
Herrenberg Baden-Württemberg
100%
Karlsruhe Baden-Württemberg
100%
Ludwigsburg Baden-Württemberg
100%
Mannheim Baden-Württemberg
100%
Öhringen Baden-Württemberg
100%
Rastatt Baden-Württemberg
100%
Rottenburg am Neckar Baden-Württemberg
100%
Schwäbisch Gmünd Baden-Württemberg
100%
Schwäbisch Hall Baden-Württemberg
100%
Singen (Hohentwiel) Baden-Württemberg
100%
Sinsheim Baden-Württemberg
100%
Stuttgart Baden-Württemberg
100%
Tauberbischofsheim Baden-Württemberg
100%
Tübingen Baden-Württemberg
100%
Tuttlingen Baden-Württemberg
100%
Vaihingen an der Enz Baden-Württemberg
100%
Weingarten Baden-Württemberg
100%
Winnenden Baden-Württemberg
100%
Aschaffenburg Bayern
100%
Augsburg Bayern
100%
Bayreuth Bayern
100%
Burghausen Bayern
100%
Dillingen an der Donau Bayern
100%
Erlangen Bayern
100%
Fürth Bayern
100%
Germering Bayern
100%
Hof Bayern
100%
Ingolstadt Bayern
100%
Kempten (Allgäu) Bayern
100%
Kulmbach Bayern
100%
Landsberg am Lech Bayern
100%
Lindau Bayern
100%
München Bayern
100%
Neu-Ulm Bayern
100%
Neumarkt in der Oberpfalz Bayern
100%
Nürnberg Bayern
100%
Ottobrunn Bayern
100%
Passau Bayern
100%
Regensburg Bayern
100%
Rosenheim Bayern
100%
Rothenburg obder Tauber Bayern
100%
Schweinfurt Bayern
100%
Windsbach Bayern
100%
Würzburg Bayern
100%
Berlin Berlin
100%
Blankenfelde-Mahlow Brandenburg
100%
Frankfurt an der Oder Brandenburg
100%
Oranienburg Brandenburg
100%
Potsdam Brandenburg
100%
Prenzlau Brandenburg
100%
Rathenow Brandenburg
100%
Teltow Brandenburg
100%
Zehdenick Brandenburg
100%
Bremerhaven Bremen
100%
Hamburg Hamburg
100%
Darmstadt Hessen
100%
Dreieich Hessen
100%
Frankfurt am Main Hessen
100%
Gießen Hessen
100%
Hanau Hessen
100%
Kassel Hessen
100%
Maintal Hessen
100%
Marburg/Lahn Hessen
100%
Mühlheim am Main Hessen
100%
Oberursel (Taunus) Hessen
100%
Rodgau Hessen
100%
Taunusstein Hessen
100%
Wiesbaden Hessen
100%
Bad Doberan Mecklenburg-Vorpommern
100%
Greifswald Mecklenburg-Vorpommern
100%
Güstrow Mecklenburg-Vorpommern
100%
Neustrelitz Mecklenburg-Vorpommern
100%
Rostock Mecklenburg-Vorpommern
100%
Schwerin Mecklenburg-Vorpommern
100%
Stralsund Mecklenburg-Vorpommern
100%
Wismar Mecklenburg-Vorpommern
100%
Achim Niedersachsen
100%
Braunschweig Niedersachsen
100%
Buchholz in der Nordheide Niedersachsen
100%
Buxtehude Niedersachsen
100%
Celle Niedersachsen
100%
Cuxhaven Niedersachsen
100%
Gifhorn Niedersachsen
100%
Göttingen Niedersachsen
100%
Hameln Niedersachsen
100%
Hannover Niedersachsen
100%
Hildesheim Niedersachsen
100%
Meppen Niedersachsen
100%
Nienburg/Weser Niedersachsen
100%
Oldenburg Niedersachsen
100%
Osterholz-Scharmbeck Niedersachsen
100%
Peine Niedersachsen
100%
Salzgitter Niedersachsen
100%
Stade Niedersachsen
100%
Vechta Niedersachsen
100%
Verden Niedersachsen
100%
Wilhelmshaven Niedersachsen
100%
Wolfenbüttel Niedersachsen
100%
Aachen Nordrhein-Westfalen
100%
Bad Münstereifel Nordrhein-Westfalen
100%
Bad Oeynhausen Nordrhein-Westfalen
100%
Bielefeld Nordrhein-Westfalen
100%
Bochum Nordrhein-Westfalen
100%
Bonn Nordrhein-Westfalen
100%
Bottrop Nordrhein-Westfalen
100%
Castrop-Rauxel Nordrhein-Westfalen
100%
Dormagen Nordrhein-Westfalen
100%
Dorsten Nordrhein-Westfalen
100%
Dortmund Nordrhein-Westfalen
100%
Duisburg Nordrhein-Westfalen
100%
Düren Nordrhein-Westfalen
100%
Düsseldorf Nordrhein-Westfalen
100%
Eschweiler Nordrhein-Westfalen
100%
Essen Nordrhein-Westfalen
100%
Gelsenkirchen Nordrhein-Westfalen
100%
Gladbeck Nordrhein-Westfalen
100%
Gummersbach Nordrhein-Westfalen
100%
Gütersloh Nordrhein-Westfalen
100%
Hagen Nordrhein-Westfalen
100%
Hamm Nordrhein-Westfalen
100%
Hattingen Nordrhein-Westfalen
100%
Hennef (Sieg) Nordrhein-Westfalen
100%
Herne Nordrhein-Westfalen
100%
Kerpen Nordrhein-Westfalen
100%
Köln Nordrhein-Westfalen
100%
Langenfeld (Rheinland) Nordrhein-Westfalen
100%
Leverkusen Nordrhein-Westfalen
100%
Marl Nordrhein-Westfalen
100%
Mönchengladbach Nordrhein-Westfalen
100%
Mülheim an der Ruhr Nordrhein-Westfalen
100%
Münster Nordrhein-Westfalen
100%
Neuss Nordrhein-Westfalen
100%
Paderborn Nordrhein-Westfalen
100%
Ratingen Nordrhein-Westfalen
100%
Recklinghausen Nordrhein-Westfalen
100%
Rheda-Wiedenbrück Nordrhein-Westfalen
100%
Sankt Augustin Nordrhein-Westfalen
100%
Siegen Nordrhein-Westfalen
100%
Soest Nordrhein-Westfalen
100%
Stolberg (Rheinland) Nordrhein-Westfalen
100%
Unna Nordrhein-Westfalen
100%
Velbert Nordrhein-Westfalen
100%
Wuppertal Nordrhein-Westfalen
100%
Frankenthal (Pfalz) Rheinland-Pfalz
100%
Kaiserslautern Rheinland-Pfalz
100%
Koblenz Rheinland-Pfalz
100%
Mainz Rheinland-Pfalz
100%
Neustadt an derWeinstraße Rheinland-Pfalz
100%
Trier Rheinland-Pfalz
100%
Worms Rheinland-Pfalz
100%
Zweibrücken Rheinland-Pfalz
100%
Blieskastel Saarland
100%
Saarbrücken Saarland
100%
Bautzen Sachsen
100%
Chemnitz Sachsen
100%
Dresden Sachsen
100%
Görlitz Sachsen
100%
Leipzig Sachsen
100%
Meißen Sachsen
100%
Plauen Sachsen
100%
Riesa Sachsen
100%
Zwickau Sachsen
100%
Halberstadt Sachsen-Anhalt
100%
Naumburg (Saale) Sachsen-Anhalt
100%
Elmshorn Schleswig-Holstein
100%
Flensburg Schleswig-Holstein
100%
Geesthacht Schleswig-Holstein
100%
Husum Schleswig-Holstein
100%
Kiel Schleswig-Holstein
100%
Lübeck Schleswig-Holstein
100%
Norderstedt Schleswig-Holstein
100%
Ratzeburg Schleswig-Holstein
100%
Schleswig Schleswig-Holstein
100%
Jena Thüringen
100%
Weimar Thüringen
100%
Landshut Bayern
88%
Leer (Ostfriesland) Niedersachsen
88%
Remscheid Nordrhein-Westfalen
88%
Dachau Bayern
86%
Neuburg an der Donau Bayern
86%
Brandenburg an der Havel Brandenburg
86%
Schwedt/Oder Brandenburg
86%
Nordhorn Niedersachsen
86%
Wolfsburg Niedersachsen
86%
Ahlen Nordrhein-Westfalen
86%
Moers Nordrhein-Westfalen
86%
Landau Rheinland-Pfalz
86%
Grimma Sachsen
86%
Heidelberg Baden-Württemberg
83%
Kehl Baden-Württemberg
83%
Bernau bei Berlin Brandenburg
83%
Offenbach am Main Hessen
83%
Bergkamen Nordrhein-Westfalen
83%
Kleve Nordrhein-Westfalen
83%
Minden Nordrhein-Westfalen
83%
Witten Nordrhein-Westfalen
83%
Xanten Nordrhein-Westfalen
83%
Saarlouis Saarland
83%
Radebeul Sachsen
83%
Leuna Sachsen-Anhalt
83%
Weißenfels Sachsen-Anhalt
83%
Erfurt Thüringen
83%
Gotha Thüringen
83%
Bad Rappenau Baden-Württemberg
80%
Bietigheim-Bissingen Baden-Württemberg
80%
Blaubeuren Baden-Württemberg
80%
Filderstadt Baden-Württemberg
80%
Weil am Rhein Baden-Württemberg
80%
Weinheim Baden-Württemberg
80%
Memmingen Bayern
80%
Straubing Bayern
80%
Cottbus Brandenburg
80%
Bad Hersfeld Hessen
80%
Fulda Hessen
80%
Rüsselsheim am Main Hessen
80%
Ilsede Niedersachsen
80%
Lehrte Niedersachsen
80%
Bad Salzuflen Nordrhein-Westfalen
80%
Iserlohn Nordrhein-Westfalen
80%
Jülich Nordrhein-Westfalen
80%
Krefeld Nordrhein-Westfalen
80%
Overath Nordrhein-Westfalen
80%
Rösrath Nordrhein-Westfalen
80%
Pirmasens Rheinland-Pfalz
80%
Freital Sachsen
80%
Halle (Saale) Sachsen-Anhalt
80%
Wernigerode Sachsen-Anhalt
80%
Eisenach Thüringen
80%
Nordhausen Thüringen
80%
Durlach Baden-Württemberg
75%
Friedrichshafen Baden-Württemberg
75%
Heidenheim an der Brenz Baden-Württemberg
75%
Leinfelden-Echterdingen Baden-Württemberg
75%
Lörrach Baden-Württemberg
75%
Villingen-Schwenningen Baden-Württemberg
75%
Friedberg Bayern
75%
Delmenhorst Niedersachsen
75%
Seelze Niedersachsen
75%
Springe Niedersachsen
75%
Borken Nordrhein-Westfalen
75%
Detmold Nordrhein-Westfalen
75%
Dinslaken Nordrhein-Westfalen
75%
Herford Nordrhein-Westfalen
75%
Herten Nordrhein-Westfalen
75%
Hürth Nordrhein-Westfalen
75%
Steinfurt Nordrhein-Westfalen
75%
Homburg Saarland
75%
Annaberg-Buchholz Sachsen
75%
Aschersleben Sachsen-Anhalt
75%
Altenburg Thüringen
75%
Suhl Thüringen
75%
Erding Bayern
71%
Oberhausen Nordrhein-Westfalen
71%
Viersen Nordrhein-Westfalen
71%
Albstadt Baden-Württemberg
67%
Balingen Baden-Württemberg
67%
Gaggenau Baden-Württemberg
67%
Metzingen Baden-Württemberg
67%
Offenburg Baden-Württemberg
67%
Ravensburg Baden-Württemberg
67%
Ulm Baden-Württemberg
67%
Waiblingen Baden-Württemberg
67%
Wertheim Baden-Württemberg
67%
Amberg Bayern
67%
Ansbach Bayern
67%
Coburg Bayern
67%
Freising Bayern
67%
Lauingen Bayern
67%
Weiden in der Oberpfalz Bayern
67%
Eberswalde Brandenburg
67%
Ludwigsfelde Brandenburg
67%
Mühlberg/Elbe Brandenburg
67%
Bad Camberg Hessen
67%
Bad Nauheim Hessen
67%
Viernheim Hessen
67%
Anklam Mecklenburg-Vorpommern
67%
Bad Zwischenahn Niedersachsen
67%
Bückeburg Niedersachsen
67%
Diepholz Niedersachsen
67%
Emden Niedersachsen
67%
Jever Niedersachsen
67%
Lüneburg Niedersachsen
67%
Northeim Niedersachsen
67%
Papenburg Niedersachsen
67%
Wittmund Niedersachsen
67%
Wunstorf Niedersachsen
67%
Arnsberg Nordrhein-Westfalen
67%
Bedburg Nordrhein-Westfalen
67%
Bergheim Nordrhein-Westfalen
67%
Bergisch Gladbach Nordrhein-Westfalen
67%
Bocholt Nordrhein-Westfalen
67%
Bünde Nordrhein-Westfalen
67%
Coesfeld Nordrhein-Westfalen
67%
Elsdorf Nordrhein-Westfalen
67%
Erftstadt Nordrhein-Westfalen
67%
Frechen Nordrhein-Westfalen
67%
Grevenbroich Nordrhein-Westfalen
67%
Lippstadt Nordrhein-Westfalen
67%
Rheine Nordrhein-Westfalen
67%
Solingen Nordrhein-Westfalen
67%
Willich Nordrhein-Westfalen
67%
Boppard Rheinland-Pfalz
67%
Ingelheim am Rhein Rheinland-Pfalz
67%
Ludwigshafen am Rhein Rheinland-Pfalz
67%
Freiberg Sachsen
67%
Pirna Sachsen
67%
Bitterfeld-Wolfen Sachsen-Anhalt
67%
Plön Schleswig-Holstein
67%
Gera Thüringen
67%
Saalfeld/Saale Thüringen
67%
Fürstenfeldbruck Bayern
63%
Neu-Isenburg Hessen
63%
Uetersen Schleswig-Holstein
63%
Bruchsal Baden-Württemberg
60%
Bamberg Bayern
60%
Eisenhüttenstadt Brandenburg
60%
Bad Vilbel Hessen
60%
Hofheim am Taunus Hessen
60%
Mörfelden-Walldorf Hessen
60%
Cloppenburg Niedersachsen
60%
Schöningen Niedersachsen
60%
Winsen (Luhe) Niedersachsen
60%
Gronau Nordrhein-Westfalen
60%
Lünen Nordrhein-Westfalen
60%
Pulheim Nordrhein-Westfalen
60%
Rheinberg Nordrhein-Westfalen
60%
Bad Bergzabern Rheinland-Pfalz
60%
St. Ingbert Saarland
60%
Magdeburg Sachsen-Anhalt
60%
Zerbst Sachsen-Anhalt
60%
Lingen (Ems) Niedersachsen
57%
Bad Kreuznach Rheinland-Pfalz
57%
Eppingen Baden-Württemberg
56%
Biberach Baden-Württemberg
50%
Fellbach Baden-Württemberg
50%
Lahr/Schwarzwald Baden-Württemberg
50%
Möckmühl Baden-Württemberg
50%
Nürtingen Baden-Württemberg
50%
Pforzheim Baden-Württemberg
50%
Radolfzell am Bodensee Baden-Württemberg
50%
Reutlingen Baden-Württemberg
50%
Rottweil Baden-Württemberg
50%
St. Blasien Baden-Württemberg
50%
Bad Windsheim Bayern
50%
Deggendorf Bayern
50%
Eichstätt Bayern
50%
Forchheim Bayern
50%
Haar Bayern
50%
Unterschleißheim Bayern
50%
Falkensee Brandenburg
50%
Fürstenwalde/Spree Brandenburg
50%
Neuruppin Brandenburg
50%
Spremberg Brandenburg
50%
Dietzenbach Hessen
50%
Weilburg Hessen
50%
Parchim Mecklenburg-Vorpommern
50%
Bramsche Niedersachsen
50%
Damme Niedersachsen
50%
Einbeck Niedersachsen
50%
Geestland Niedersachsen
50%
Georgsmarienhütte Niedersachsen
50%
Goslar Niedersachsen
50%
Helmstedt Niedersachsen
50%
Neu Wulmstorf Niedersachsen
50%
Norden Niedersachsen
50%
Osnabrück Niedersachsen
50%
Stadthagen Niedersachsen
50%
Alsdorf Nordrhein-Westfalen
50%
Bornheim Nordrhein-Westfalen
50%
Dülmen Nordrhein-Westfalen
50%
Euskirchen Nordrhein-Westfalen
50%
Ibbenbüren Nordrhein-Westfalen
50%
Kempen Nordrhein-Westfalen
50%
Lemgo Nordrhein-Westfalen
50%
Nettetal Nordrhein-Westfalen
50%
Troisdorf Nordrhein-Westfalen
50%
Warburg Nordrhein-Westfalen
50%
Wesel Nordrhein-Westfalen
50%
Idar-Oberstein Rheinland-Pfalz
50%
Traben-Trarbach Rheinland-Pfalz
50%
Völklingen Saarland
50%
Hoyerswerda Sachsen
50%
Bernburg (Saale) Sachsen-Anhalt
50%
Itzehoe Schleswig-Holstein
50%
Neumünster Schleswig-Holstein
50%
Pinneberg Schleswig-Holstein
50%
Rendsburg Schleswig-Holstein
50%
Quickborn Schleswig-Holstein
50%
Backnang Baden-Württemberg
44%
Garbsen Niedersachsen
44%
Münnerstadt Bayern
43%
Melle Niedersachsen
43%
Neuwied Rheinland-Pfalz
43%
Meiningen Thüringen
43%
Ohrdruf Thüringen
43%
Böblingen Baden-Württemberg
40%
Weinsberg Baden-Württemberg
40%
Pegnitz Bayern
40%
Wetzlar Hessen
40%
Burgdorf Niedersachsen
40%
Quakenbrück Niedersachsen
40%
Stuhr Niedersachsen
40%
Neunkirchen Saarland
40%
Schleiz Thüringen
40%
Aalen Baden-Württemberg
33%
Bretten Baden-Württemberg
33%
Ehingen Baden-Württemberg
33%
Leonberg Baden-Württemberg
33%
Osterhofen Bayern
33%
Schwabach Bayern
33%
Königs Wusterhausen Brandenburg
33%
Hadamar Hessen
33%
Laubach Hessen
33%
Ganderkesee Niedersachsen
33%
Neustadt am Rübenberge Niedersachsen
33%
Rotenburg (Wümme) Niedersachsen
33%
Uelzen Niedersachsen
33%
Weyhe Niedersachsen
33%
Herzogenrath Nordrhein-Westfalen
33%
Meerbusch Nordrhein-Westfalen
33%
Menden (Sauerland) Nordrhein-Westfalen
33%
Warendorf Nordrhein-Westfalen
33%
Ottweiler Saarland
33%
Burg Sachsen-Anhalt
33%
Merseburg Sachsen-Anhalt
33%
Meldorf Schleswig-Holstein
33%
Schopfheim Baden-Württemberg
25%
Luckau Brandenburg
25%
Wildau Brandenburg
25%
Aurich Niedersachsen
25%
Brilon Nordrhein-Westfalen
25%
Oppenheim Rheinland-Pfalz
25%
Salzwedel Sachsen-Anhalt
25%
Perleberg Brandenburg
20%
Sonnewalde Brandenburg
20%
Geseke Nordrhein-Westfalen
20%
Waltershausen Thüringen
20%
Ostfildern Baden-Württemberg
17%
Rödermark Hessen
17%
Crailsheim Baden-Württemberg
0%
Ettlingen Baden-Württemberg
0%
Konstanz Baden-Württemberg
0%
Kornwestheim Baden-Württemberg
0%
Markgröningen Baden-Württemberg
0%
Schorndorf Baden-Württemberg
0%
Sindelfingen Baden-Württemberg
0%
Weikersheim Baden-Württemberg
0%
Kaufbeuren Bayern
0%
Plattling Bayern
0%
Schwandorf Bayern
0%
Finsterwalde Brandenburg
0%
Herzberg Brandenburg
0%
Lauchhammer Brandenburg
0%
Müllrose Brandenburg
0%
Treuenbrietzen Brandenburg
0%
Wittstock/Dosse Brandenburg
0%
Ziesar Brandenburg
0%
Bensheim Hessen
0%
Büdingen Hessen
0%
Fritzlar Hessen
0%
Kelkheim (Taunus) Hessen
0%
Korbach Hessen
0%
Lampertheim Hessen
0%
Langen Hessen
0%
Neubrandenburg Mecklenburg-Vorpommern
0%
Barsinghausen Niedersachsen
0%
Holzminden Niedersachsen
0%
Laatzen Niedersachsen
0%
Langenhagen Niedersachsen
0%
Lohne Niedersachsen
0%
Seevetal Niedersachsen
0%
Walsrode Niedersachsen
0%
Wedemark Niedersachsen
0%
Attendorn Nordrhein-Westfalen
0%
Hilden Nordrhein-Westfalen
0%
Lüdenscheid Nordrhein-Westfalen
0%
Rietberg Nordrhein-Westfalen
0%
Schwelm Nordrhein-Westfalen
0%
Schwerte Nordrhein-Westfalen
0%
Siegburg Nordrhein-Westfalen
0%
Vreden Nordrhein-Westfalen
0%
Andernach Rheinland-Pfalz
0%
Grünstadt Rheinland-Pfalz
0%
Speyer Rheinland-Pfalz
0%
Merzig Saarland
0%
Schönebeck Sachsen-Anhalt
0%
Stendal Sachsen-Anhalt
0%
Wittenberg Sachsen-Anhalt
0%
Ahrensburg Schleswig-Holstein
0%
Eutin Schleswig-Holstein
0%
Wedel Schleswig-Holstein
0%
Ilmenau Thüringen
0%
Schleusingen Thüringen
0%
Keine übereinstimmenden Quizze gefunden
Verteilung der Resultate
Anzahl Personen mit jedem Resultat
Perzentil nach korrekt beantworteten Fragen
Ihre Resultats-Entwicklung
Sie haben dieses Quiz noch nicht gespielt